LEADER 00958nam a2200229 u 4500 001 000000082872 003 CaOOAMICUS 005 20070226123917.0 008 050420s1936 it u000 u ita u 035 $a11041071 040 $aPUL(R)$bita 100 1 $aBassi, Domenico,$d1859-1944.$0(OLS)http://pul/name/1434 245 13$aLa barricata :$bsaggio di una difesa sintetica della Chiesa /$cP. Domenico Bassi. 260 $aRoma :$bFrancesco Ferrari,$c1936. 300 $a299 p. ;$c22 cm 504 $aBibliografia in nota. 650 4$aApologetica$xAutori cattolici.$0(OLS)http://pul/subject/3141 850 $aPUL 852 $aPUL$W1$xDP1 Fondo Cecchetti$y53$m261 D 7$j105518$nBK-PRI$b $qFondi$B105518$CPULBib$Z2$F105518 $H8423 $81 941 1 $a1 996 $6245$aLa barricata :$bsaggio di una difesa sintetica della Chiesa$9(OLS)http://pul/title/108182 996 $6260$aRoma :$bFrancesco Ferrari$9(OLS)http://pul/publisher/54001 LEADER 01576nam a2200373 a 4500 001 000000174666 003 CaOOAMICUS 005 20210716160638.0 008 210716s2020 pl 000 udeng r 020 $z978-83-7614-465-8* 032 $aLibriCat 040 $aPUL$bita 041 0 $aeng$apol 082 04$a197 245 00$aJózef Tischner /$cedited by Jaros?aw Jagie??o. 260 $aKrakow :$bIgnatianum University Press,$c©2020. 300 $a240 p. ;$c24 cm. 490 1 $aThe Polish Christian Philosophy in the 20th Century. 500 $aContiene: Selected writings: Józef Tischner 504 $aBibliografia p. 225-240. 546 $aContributi in inglese e polacco. 600 14$aTischner, Józef,$d1931-2000.$0(OLS)http://pul/subject/46487 650 4$aFilosofia cristiana$zPolonia$ySec. XX.$0(OLS)http://pul/subject/46484 700 1 $aJagie??o, Jaros?aw.$0(OLS)http://pul/name/112242 700 1 $aTischner, Józef,$d1931-2000.$0(OLS)http://pul/name/31034 830 4$aThe Polish Christian Philosophy in the 20th Century.$0(OLS)http://pul/title/213499 850 $aPUL 852 $aPUL$W1$xSL Filosofia 3$y81$m197 PCP 1.10$j198973$qDDC 21$B203607$CPULBib$Z2$F203607 $H135110 $82 941 1 $a9 996 $6020$z978-83-7614-465-8*$9(OLS)http://pul/number/168282 996 $6082$a197$9(OLS)http://pul/classification/1995 996 $6245$aJózef Tischner$9(OLS)http://pul/title/215975 996 $6260$aKrakow :$bIgnatianum University Press$9(OLS)http://pul/publisher/87205